Statistiques concernant Outer Wilds - Système solaire

Cliquez ici pour prendre le quiz!

Statistiques générales

  • Ce quiz a été pris 73 fois
  • Le résultat moyen est 11 sur 15

Statistiques - réponses

HintRéponse% Correct
#1Soleil
89%
#5Âtrebois
87%
#4Sablière noire
85%
#3Sablière rouge
85%
#7Cravité
83%
#9Léviathe
79%
#14Lune Quantique
77%
#2
Station solaire
75%
#11Sombronces
72%
#12L'intrus
70%
#8La Lanterne
60%
#13Station du Trou blanc
60%
#6La Rocaille
58%
#15Oeil de l'Univers
45%
#10Canon orbital
32%

Distribution des résultats

Percentile par nombre de réponses

% des personnes avec chaque résultat

Votre développement - résultats

Vous n’avez pas pris ce quiz